|
|
|
|
| LEADER |
00000nam a22000007a 4500 |
| 005 |
20130712123843.0 |
| 007 |
cr|||| |||| |
| 008 |
130712s2010 xxu|||||s|||| 00| 0 eng d |
| 020 |
|
|
|a 978-607-402-276-6
|
| 035 |
|
|
|a 11410
|
| 040 |
|
|
|a vLex
|
| 090 |
|
|
|c 4443
|d 4443
|
| 100 |
1 |
|
|a Nava Rodrg̕uez, Mara̕ Angľica
|
| 245 |
1 |
0 |
|a Anl̀isis de la metodologa̕ para la interpretacin̤ e integracin̤ de la Ley Tributaria
|h [Recurso electrn̤ico] /
|c Mara̕ Angľica Nava Rodrg̕uez, Alejandro Antonio Saiz Zorrilla
|
| 256 |
|
|
|a Servicio en ln̕ea
|
| 260 |
|
|
|a Mx̌ico D.F:
|b Plaza y Valdš Editores,
|c 2010
|
| 300 |
|
|
|a 1 recurso electrn̤ico
|
| 506 |
1 |
|
|a Contenido solo disponible en los productos inidcados
|d vLex Global
|d vLex Global (Academic Edition, excluding Law Schools)
|d vLex Global (U.S. Academic Edition, Law Schools)
|d vLex Global (U.S. Academic Edition, excluding Law Schools)
|d vLex Global (Academic Edition, Law Schools)
|
| 650 |
0 |
4 |
|a Derecho tributario
|x Legisalacin̤
|z Mx̌ico
|
| 740 |
0 |
|
|a vLex Libros (Servicio en ln̕ea)
|
| 856 |
4 |
0 |
|u http://vlex.com/source/analisis-metodologia-interpretacion-integracion-ley-tributaria-11410
|z Acceso restringido
|
| 942 |
|
|
|c BOOK
|
| 999 |
0 |
4 |
|a Taxation
|
| 999 |
0 |
4 |
|a Legislation
|